000 00338nam a2200145Ia 4500
008 230917s9999||||xx |||||||||||||| ||und||
040 _e48052
_aMAIN
041 _aEnglish
082 _a853.9 M797T
100 _aMoravia, Alberto
245 0 _aTwo women
260 _aMiddlesex
_bPenguin Books
_c1964
300 _a340 p.
942 _cBK
999 _c228914
_d228914